Vývoj pracovního trhu a jak zvládnout propuštění

Spoločnosť People Management Forum uskutočnila v auguste online panelovú diskusiu, ktorá sa zamerala na aktuálnu situáciu na trhu práce a predikciu budúcich trendov, a tiež na tému, ako zvládnuť prepúšťanie bez zbytočných chýb.

Guardado en:
Detalles Bibliográficos
Autor principal: Kazdová, Alena
Formato: Capítulo de libro
Lenguaje:checo
Materias:
Etiquetas: Agregar Etiqueta
Sin Etiquetas, Sea el primero en etiquetar este registro!

MARC

LEADER 00000naa a2200000 4500
001 0269288
005 20201016160542.0
041 0 |a cze 
044 |a CZ 
245 1 0 |a Vývoj pracovního trhu a jak zvládnout propuštění  |c Alena Kazdová 
500 |a Z kuloárů PMF 
520 |a Spoločnosť People Management Forum uskutočnila v auguste online panelovú diskusiu, ktorá sa zamerala na aktuálnu situáciu na trhu práce a predikciu budúcich trendov, a tiež na tému, ako zvládnuť prepúšťanie bez zbytočných chýb. 
610 2 0 |a trh práce 
610 2 0 |a vývoj 
610 2 0 |a kríza 
610 2 0 |a dôsledky sociálne 
610 2 0 |a firmy 
610 2 0 |a prepúšťanie pracovníkov 
100 1 |a Kazdová, Alena